000 00228nam a22000857a 4500
008 170616b xxu||||| |||| 00| 0 eng d
100 _93441
_aAli. M. N
245 _aInvertions that change the world
260 _aNew Delhi
_bN. B. T
_c2009
999 _c6816
_d6816